000 00409cam a22001217a 4500
008 180718b1978 xxu||||| |||| 00| 0 eng d
082 _aA81x54 In2/71/28/PT2C
100 _aCensus of India 1971
245 _aGoa, Daman and Diu: social and cultural tables
260 _aDelhi
_bThe Controller of Publications
_c1978
300 _a210+p.
440 _aCensus of India 1971. Series-28, Goa, Daman and Diu. Part II-C
999 _c485920
_d485920